书目信息 |
| 题名: |
婴幼儿疾病防治百事通
|
|
| 作者: | 邹春 , 邹春著. 著 | |
| 分册: | ||
| 出版信息: | 北京 中国人口出版社 2003.05 |
|
| 页数: | 268页 | |
| 开本: | 21cm | |
| 丛书名: | 生命之初系列 | |
| 单 册: | ||
| 中图分类: | R174 , R174.6 | |
| 科图分类: | ||
| 主题词: | 婴幼儿--保健y西方国家 , 婴幼儿 , 保健 | |
| 电子资源: | ||
| ISBN: | 7-80079-513-6 | |
| 000 | 00947nam2 2200313 45 | |
| 001 | 012004000000 | |
| 005 | 20041101103024.33 | |
| 010 | @a7-80079-513-6@dCNY 15.00 | |
| 100 | @a20040915d2003 em y0chiy0121 ea | |
| 101 | 0 | @achi |
| 102 | @aCN@b110000 | |
| 105 | @ay z 000yy | |
| 200 | 1 | @a婴幼儿疾病防治百事通@Aying you er ji bing fang zhi bai shi tong@e婴幼儿疾病防治百事通@f邹春著.@Fzou chun zhu. |
| 205 | @a第3版 | |
| 210 | @a北京@c中国人口出版社@d2003.05 | |
| 215 | @a268页@d21cm | |
| 225 | 2 | @a生命之初系列 |
| 330 | @a本书内容: 什么是新生儿疾病筛查; 如何发现新生儿疾病;婴儿患病的早期信号...... | |
| 410 | 0 | @12001 @a生命之初系列 |
| 517 | 1 | @a婴幼儿疾病防治百事通 |
| 606 | 0 | @a婴幼儿@x保健y西方国家 |
| 606 | 0 | @a婴幼儿 |
| 606 | 0 | @a保健 |
| 690 | @aR174@v4 | |
| 690 | @aR174.6@v3 | |
| 701 | 0 | @a邹春@Azhou chun@4著 |
| 701 | 0 | @a邹春著.@Azou chun zhu. |
| 801 | 0 | @aCN@bQSSKl@c20041101 |
| 905 | @a10447@dR174.6@eZ965 | |
| 婴幼儿疾病防治百事通:婴幼儿疾病防治百事通/邹春著.-第3版.-北京:中国人口出版社,2003.05 |
| 268页;21cm.-(生命之初系列) |
| ISBN 7-80079-513-6:CNY 15.00 |
| 本书内容: 什么是新生儿疾病筛查; 如何发现新生儿疾病;婴儿患病的早期信号...... |
| ● |
| 相关链接 |
|
|
|
正题名:婴幼儿疾病防治百事通
索取号:R174.6/Z965
 
预约/预借
| 序号 | 登录号 | 条形码 | 馆藏地/架位号 | 状态 | 备注 |
| 1 | 424061 | 204240614 | 自科库401/401自科库 8排1列5层/ [索取号:R174.6/Z965] | 在馆 | |
| 2 | 424062 | 204240623 | 自科库401/ [索取号:R174.6/Z965] | 在馆 | |
| 3 | 424063 | 204240632 | 自科库401/ [索取号:R174.6/Z965] | 在馆 |